000 00542nam a2200181Ia 4500
008 231217s9999 xx 000 0 und d
020 _a8180141241
041 _aEnglish
082 _a629.23 SIN.2;16 R
100 _aSingh, Kirpal.
245 0 _aAutomobile engineering V.2 : automobile engines including electrical equipment
250 _a11th ed.
260 _c2009
_bStandard,
_aNew Delhi
300 _axii, 592
500 _a1 Nutshell Boolet.
650 _aAutomobile,V.2,automobile,engines,electrical,equipment
942 _cAA
999 _c187403
_d187403